000 00462nam a2200157Ia 4500
003 SGT
020 _a8123904932
082 _a515.33,PIS
_bPIS
100 _aPiskunov,N
245 _aDifferential and integral calculus
260 _bCBS Publishers & Distributer
_aNew Delhi
_c1996
300 _a576p.
650 _aMATHEMATICS
653 _aDIFFERENTIAL EQUATIONS,MULTIPLE INTEGRALS,THE INTEGRALS AND SURFACE INTEGRALS,SERIES,FOURIER SERIES
942 _2ddc
_cBK
_010
999 _c5120
_d5120